Geology and ground water resources of Burleigh County, North Dakota. (Record no. 30538)

MARC details
000 -LEADER
fixed length control field 01624cam a2200385 4500
001 - CONTROL NUMBER
control field gs 68000337
003 - CONTROL NUMBER IDENTIFIER
control field DLC
005 - DATE AND TIME OF LATEST TRANSACTION
control field 20260227111423.0
008 - FIXED-LENGTH DATA ELEMENTS--GENERAL INFORMATION
fixed length control field 710324m19659999nduab b 000 0 eng c
010 ## - LIBRARY OF CONGRESS CONTROL NUMBER
LC control number gs 68000337 //r935
040 ## - CATALOGING SOURCE
Original cataloging agency U.S. Geol. Survey. Library
Transcribing agency DLC
Modifying agency DLC
043 ## - GEOGRAPHIC AREA CODE
Geographic area code n-us-nd
110 20 - MAIN ENTRY--CORPORATE NAME
Corporate name or jurisdiction name as entry element North Dakota Geological Survey.
245 10 - TITLE STATEMENT
Title Geology and ground water resources of Burleigh County, North Dakota.
260 1# - PUBLICATION, DISTRIBUTION, ETC.
Place of publication, distribution, etc. Grand Forks,
Date of publication, distribution, etc. 1965-
300 ## - PHYSICAL DESCRIPTION
Extent pts.
Other physical details illus., maps (part col.)
Dimensions 24 cm.
490 1# - SERIES STATEMENT
Series statement County ground water studies, 3
490 1# - SERIES STATEMENT
Series statement North Dakota. Geological Survey. Bulletin
Volume/sequential designation 42
500 ## - GENERAL NOTE
General note Prepared cooperatively by the U.S. Geological Survey, the North Dakota Geological Survey and the North Dakota State Water Conservation Commission.
500 ## - GENERAL NOTE
General note Part of illustrative matter folded in pockets.
504 ## - BIBLIOGRAPHY, ETC. NOTE
Bibliography, etc. note Includes bibliographies.
505 1# - FORMATTED CONTENTS NOTE
Formatted contents note pt. 1. Geology, by J. Kume and D. E. Hansen.--pt. 2. Ground water basic data, by P. G. Randich.
650 #0 - SUBJECT ADDED ENTRY--TOPICAL TERM
Topical term or geographic name entry element Geology
Geographic subdivision North Dakota
-- Burleigh County.
650 #0 - SUBJECT ADDED ENTRY--TOPICAL TERM
Topical term or geographic name entry element Groundwater
Geographic subdivision North Dakota
-- Burleigh County.
650 #0 - SUBJECT ADDED ENTRY--TOPICAL TERM
Topical term or geographic name entry element Water-supply
Geographic subdivision North Dakota
-- Burleigh County.
650 #0 - SUBJECT ADDED ENTRY--TOPICAL TERM
Topical term or geographic name entry element Borings
Geographic subdivision North Dakota
-- Burleigh County.
650 #0 - SUBJECT ADDED ENTRY--TOPICAL TERM
Topical term or geographic name entry element Water
General subdivision Composition.
700 10 - ADDED ENTRY--PERSONAL NAME
Personal name Kume, Jack.
700 10 - ADDED ENTRY--PERSONAL NAME
Personal name Hansen, Dan E.
700 10 - ADDED ENTRY--PERSONAL NAME
Personal name Randich, P. G.
Fuller form of name (Philip G.),
Dates associated with a name 1909-
710 20 - ADDED ENTRY--CORPORATE NAME
Corporate name or jurisdiction name as entry element Geological Survey (U.S.)
710 20 - ADDED ENTRY--CORPORATE NAME
Corporate name or jurisdiction name as entry element North Dakota State Water Commission.
810 1# - SERIES ADDED ENTRY--CORPORATE NAME
Corporate name or jurisdiction name as entry element North Dakota.
Subordinate unit Geological Survey.
Title of a work County ground water studies,
Volume/sequential designation 3
830 #0 - SERIES ADDED ENTRY--UNIFORM TITLE
Uniform title Bulletin (North Dakota Geological Survey) ;
Volume/sequential designation 42.

No items available.

Powered by Koha